Nomination of Thurgood Marshall : hearings before the United States Senate Committee on the Judiciary, Special Subcommittee on Nominations, Eighty-Seventh Congress, second session, on May 1, July 12, Aug. 8, 17, 20, 24, 1962.

Focuses on whether the NAACP Legal and Educational Defense Fund, Inc., of which Marshall was director, operated according to ABA ethical standards. Also considers his record of civil rights legal activities.

Bibliographic Details
Corporate Authors: United States. Congress. Senate. Committee on the Judiciary. Special Subcommittee on Nominations, ProQuest (Firm)
Format: Government Document eBook
Language:English
Published: Washington : U.S. G.P.O., 1962.
Series:U.S. Congressional Hearings.
Subjects:
Online Access:Connect to the full text of this electronic book

MARC

Tag First Indicator Second Indicator Subfields
LEADER 00000cam a22000001a 4500
001 in00003209621
006 m d f
007 cr bn mmmapmmp
008 090623s1962 dcu o f000 0 eng d
005 20260604210350.4
035 |a cis2007429657 
040 |a UMI  |c UMI  |d UtOrBLW 
043 |a n-us--- 
086 0 |a Y 4.J 89/2:M 35/2 
099 |a HRG-1962-SJS-0017 
110 1 |a United States.  |b Congress.  |b Senate.  |b Committee on the Judiciary.  |b Special Subcommittee on Nominations. 
245 1 0 |a Nomination of Thurgood Marshall :  |b hearings before the United States Senate Committee on the Judiciary, Special Subcommittee on Nominations, Eighty-Seventh Congress, second session, on May 1, July 12, Aug. 8, 17, 20, 24, 1962. 
264 1 |a Washington :  |b U.S. G.P.O.,  |c 1962. 
300 |a 1 online resource. 
336 |a text  |b txt  |2 rdacontent 
337 |a computer  |b c  |2 rdamedia 
338 |a online resource  |b cr  |2 rdacarrier 
500 |a Record is based on bibliographic data in ProQuest Congressional Hearings Digital Collection. Reuse except for individual research requires license from ProQuest, LLC. 
520 |a Focuses on whether the NAACP Legal and Educational Defense Fund, Inc., of which Marshall was director, operated according to ABA ethical standards. Also considers his record of civil rights legal activities. 
538 |a System requirements: PDF reader software. 
500 |a Electronic resource. 
600 1 0 |a Marshall, Thurgood,  |d 1908-1993. 
610 1 0 |a United States.  |b Circuit Court (2nd Circuit)  |x Officials and employees. 
610 2 0 |a NAACP Legal Defense and Educational Fund. 
650 0 |a Judges  |z United States. 
655 7 |a Electronic books.  |2 local 
710 2 |a ProQuest (Firm) 
776 0 8 |i Print version:  |a United States. Congress. Senate. Committee on the Judiciary. Special Subcommittee on Nominations.  |t Nomination of Thurgood Marshall 
776 0 8 |i Microfiche version:  |a United States. Congress. Senate. Committee on the Judiciary. Special Subcommittee on Nominations.  |t Nomination of Thurgood Marshall.  |d [Bethesda, Md.] : ProQuest,[2004]  |o CIS Hrgs MF Gp 3--(87) S1532-3  |w (ProQuest)cis10703700 
830 0 |a U.S. Congressional Hearings. 
856 4 0 |u http://proxy.library.tamu.edu/login?url=https://congressional.proquest.com/congcomp/getdoc?HEARING-ID=HRG-1962-SJS-0017  |z Connect to the full text of this electronic book  |t 0 
998 |a cis10703700 
999 |a MARS 
999 f f |s 6efe42c9-953d-3c36-9d8e-17dd721b80e7  |i fbeecdcc-173c-3cc0-a6bc-6ee074d50582  |t 0 
952 f f |a Texas A&M University  |b College Station  |c Electronic Resources  |s www_evans  |d Available Online  |t 0  |e HRG-1962-SJS-0017  |h Other scheme 
998 f f |a HRG-1962-SJS-0017  |t 0  |l Available Online